| 000 | 01436nam0a2200337 i 4500 | ||
|---|---|---|---|
| 001 | RU\NLR\bibl\1938923 | ||
| 005 | 20241103052933.0 | ||
| 010 |
_a9785978300765 _9500 |
||
| 021 |
_aRU _b2012-57671 _94223 |
||
| 035 | _a(NLR Aleph) 001928209 | ||
| 090 |
_a3399244 _c3399244 |
||
| 100 | _a20120830d2012 k y0rusy50 ca | ||
| 101 | 0 | _arus | |
| 102 | _aRU | ||
| 105 | _aa ||||||||| | ||
| 200 | 1 |
_aАртериальная гипертензия при хроническом гломерулонефрите. Вопросы патогенеза. Терапия _eмонография _fН.Ю. Боровковса, Н.Н. Боровков _gНижегор. гос. мед. акад. |
|
| 210 |
_aНижний Новгород _cИзд-во НГМА _d2012 |
||
| 215 |
_a154, [1] с. _cил. _d21 |
||
| 320 | _aБиблиогр.: с. 149-155 (74 назв.) | ||
| 517 | 0 | _aВопросы патогенеза | |
| 517 | 0 | _aТерапия | |
| 606 |
_aГипертоническая болезнь при хроническом гломерулонефрите _92114499 _3RU\NLR\auth\661581066 |
||
| 686 | _aР414.011.6-37 | ||
| 686 | _aР410.030-37 | ||
| 700 | 1 |
_aБоровкова _bН. Ю. _gНаталья Юрьевна _4070 |
|
| 701 | 1 |
_aБоровков _bН. Н. _gНиколай Николаевич _4070 |
|
| 801 | 0 |
_aRU _bNLR _c20120830 _gRCR |
|
| 801 | 1 |
_aRU _bNLR _c20120830 |
|
| 942 | _cBOOK | ||
| 980 | _aNBR | ||